Central Library OPAC University of Rajshahi

The Court and the castle : (Record no. 76495)

MARC details
000 -LEADER
fixed length control field 00701nam a2200217 a 4500
001 - CONTROL NUMBER
control field 76495
003 - CONTROL NUMBER IDENTIFIER
rucl marc code BD-RjUL
005 - DATE AND TIME OF LATEST TRANSACTION
control field 20211209082842.0
008 - FIXED-LENGTH DATA ELEMENTS--GENERAL INFORMATION
fixed length control field 191211s1958 enk 000 0 eng u
035 ## - SYSTEM CONTROL NUMBER
System control number ocm01387866
System control number (BD-RjUL)76718
040 ## - CATALOGING SOURCE
Original cataloging agency GOM
Modifying agency OCL
Language of cataloging eng
Transcribing agency BD-RjUL
041 ## - LANGUAGE CODE
Language code of text/sound track or separate title eng
082 ## - DEWEY DECIMAL CLASSIFICATION NUMBER
Edition number 23
Classification number 808.3
Author mark and year WEC 1958
100 1# - MAIN ENTRY--PERSONAL NAME
Personal name West, Rebecca,
Dates associated with a name 1892-1983.
9 (RLIN) 236342
245 14 - TITLE STATEMENT
Title The Court and the castle :
Remainder of title a study of the interactions of political and religious ideas in imaginative literature /
Statement of responsibility, etc. by Rebecca West
260 ## - PUBLICATION, DISTRIBUTION, ETC. (IMPRINT)
Place of publication, distribution, etc. London :
Name of publisher, distributor, etc. Macmillan,
Date of publication, distribution, etc. 1958
300 ## - PHYSICAL DESCRIPTION
Pagination vii, 240 p. ;
Size 22 cm.
650 #0 - SUBJECT ADDED ENTRY--TOPICAL TERM
Topical term or geographic name as entry element Literature, Modern
General subdivision History and criticism
9 (RLIN) 236343
942 ## - ADDED ENTRY ELEMENTS (KOHA)
Source of classification or shelving scheme Dewey Decimal Classification
Koha item type Books
Holdings
Lost status Source of classification or shelving scheme Damaged status Not for loan Collection code Permanent Location Current Location Shelving location Date acquired Total Checkouts Full call number Date last seen Copy number Koha item type
  Dewey Decimal Classification   Not For Loan Fiction Central Library, University of Rajshahi Central Library, University of Rajshahi Reading Room 11/12/2019   808.3 WEC 1958 11/12/2019 C-1 Books